[Event "DVM U20w 2013"]
[Site "Osnabrück GER"]
[Date "2013.12.29"]
[Round "5"]
[White "Sauer, Annika"]
[Black "Winterberg, Johanna"]
[Result "1-0"]
[Termination "normal"]
[Board "6.3"]
[WhiteElo "1350"]
[BlackElo "1365"]
[WhiteTeam "Leegebrucher Schachfreunde"]
[BlackTeam "SG Burgtonna"]
[WhiteFideId "12952052"]
[BlackFideId "12929344"]
[EventCountry "GER"]
[EventRounds "7"]
[EventType "team-swiss"]
[EventDate "2013.12.26"]

1. d4 Nf6 2. c4 g6 3. Nc3 d6 4. Bf4 Bg7 5. g3 O-O 6. Bg2 Nbd7 7. Nf3 c5 8. dxc5
Nxc5 9. Qc2 Bf5 10. Qc1 Rb8 11. O-O a6 12. Nd2 b5 13. cxb5 axb5 14. a3 e5 15.
Bg5 Qe8 16. Bxf6 Bxf6 17. b4 Na4 18. Nde4 Be7 19. Nd5 Nb6 20. Ndf6+ 1-0

[Event "DVM U20w 2013"]
[Site "Osnabrück GER"]
[Date "2013.12.29"]
[Round "5"]
[White "Schirrmeister, Laura"]
[Black "Wolff, Marie Antoinette"]
[Result "0-1"]
[Termination "normal"]
[Board "6.4"]
[WhiteElo "992"]
[BlackElo "1406"]
[WhiteTeam "SG Burgtonna"]
[BlackTeam "Leegebrucher Schachfreunde"]
[WhiteFideId "24694967"]
[BlackFideId "12908258"]
[EventCountry "GER"]
[EventRounds "7"]
[EventType "team-swiss"]
[EventDate "2013.12.26"]

1. e4 c5 2. Nf3 Nc6 3. d4 cxd4 4. Nxd4 d6 5. Nc3 Nf6 6. Be2 g6 7. Be3 Bg7 8.
Qd2 O-O 9. Nxc6 bxc6 10. h4 Rb8 11. b3 Nxe4 12. Nxe4 Bxa1 13. Bh6 Bg7 14. h5 d5
15. Bxg7 Kxg7 16. hxg6 fxg6 17. Qh6+ Kf7 18. Qxh7+ Ke8 19. Qxg6+ Kd7 20. Nc5+
Kc7 21. Qg3+ Qd6 22. Qxd6+ Kxd6 23. Nd3 Ba6 24. Rh6+ Rf6 25. Rh3 Rbf8 26. f3 e5
27. Kf2 e4 28. Ne1 Bxe2 29. Kxe2 exf3+ 30. Rxf3 Rxf3 31. Nxf3 c5 32. g4 Rf4 33.
Nh2 Ke6 34. Kd3 a5 35. Ke3 Rf7 36. Nf3 Ra7 37. a4 Kf6 38. Kf4 Rh7 39. g5+ Kg6
40. Ne5+ Kg7 41. Kf5 Rh2 42. c4 d4 43. Nd3 Rh3 0-1